| 000 | 00983nam a2200277 u 4500 | ||
|---|---|---|---|
| 005 | 20231128063839.0 | ||
| 008 | 170901s2006 mx r 000 0 spa d | ||
| 020 | _a9707400919 | ||
| 035 | _aUPN01000220107 | ||
| 049 | _aCG | ||
| 050 | 4 |
_aLB2822.75 _bC3.38 |
|
| 100 | 1 |
_aCasariego Vázquez, Rocío Minerva _932882 |
|
| 245 | 1 | 3 |
_aLa evaluación / _cRocío M. Casariego Vázquez, Pascuala Sánchez Hernández, Jaime Robles Pineda. |
| 250 | _a3a ed. | ||
| 260 |
_aMéxico : _bCONAFE, _c2006. |
||
| 300 |
_a82, [27] p. : _bil., cuadros |
||
| 440 | 0 |
_aGuías de apoyo a la formación docente en MAEPI ; _v8 |
|
| 650 | 4 |
_aEvaluación educativa _zMéxico _95996 |
|
| 610 | 2 | 4 |
_aPROYECTO DE ATENCION EDUCATIVA A POBLACION INDIGENA _923492 |
| 650 | 4 |
_aProceso enseñanza-aprendizaje _942 |
|
| 650 | 4 |
_aIndígenas de México _xEducación _910 |
|
| 700 | 1 |
_aSánchez Hernández, Pascuala, _ecoaut. |
|
| 700 | 1 |
_aRobles Pineda, Jaime, _ecoaut. |
|
| 905 | _aLibro | ||
| 999 |
_c192206 _d192206 |
||